00433nam a2200133Ia 450000500170000000800410001702000150005808200150007324501160008826000570020430000160026165000100027765000120028720240426072808.0240331s9999 xx 000 0 und d a9679928284 bWOMa331.4 0aWomen in the economybA select annotated bibliography of asia and pacificcAsian and pacific Development centre aMalaysiabAsian and pacific Development Centrec1991 ax, 156 p ., aWoman aEconomy